Представление документа в формате RUSMARC

ПолеНазваниеЗначение
  Тип записи a
  Библиографический уровень m
001 Контрольный номер 5b567506726e49f6b08fc452226f6074
005 Дата корректировки 20240410121214.3
010 Индекс ISBN __
a ISBN 978-5-91045-740-3 (в пер.)
d Цена 862-03, 3000 экз.
100 Данные общей обработки __
a Данные общей обработки 19200219d||||2018||| 0rusy0189 ca
101 Язык документа 0_
a Язык текста rus
102 Страна публикации __
a Страна публикации ru|
102 Страна публикации __
a Страна публикации RU
105 Кодированные данные (монография) __
a Кодированные данные (монография) a|||||||000zy
200 Заглавие и сведения об ответственности 1_
a Заглавие Та сторона, где ветер
e Сведения, относящиеся к заглавию повесть : [для среднего школьного возраста]
f Первые сведения об ответственности Владислав Крапивин ; рисунки Евгения Медведева
b Общее обозначение материала Текст
210 Выходные данные __
a Место издания Москва
c Издательство Издательский Дом Мещерякова
d Дата издания 2018
215 Физическое описание __
a Объем 301, [2] с.
c Иллюстрации/тип воспроизводства ил.
d Формат 22 см
225 Серия __
a Серия БИСС: Большое иллюстрированное собрание сочинений
225 Серия __
a Серия Мы любим бумажные книги
330 Аннотация __
a Аннотация Пестрят в небе над поселком Береговым разноцветные квадратики воздушных змеев. "Кондор", "Фрегат", "Шмель", "Василек", "Битанго", "Погонщик туч"… Ветры и небо сдружили мальчишек-"змеевиков" - Генку Звягина, Яшку Воробьева, Шурика Черемховского и восьмилетнего малыша Ильку по прозвищу Гонец. Однажды в небе над поселком появился большой белый змей, поднялся выше других и не отзывался на воздушные позывные. Разозленный Генка решает проучить нахального незнакомца - хозяина белого "конверта". Так он знакомится со слепым мальчиком Владиком, и эта встреча становится поворотной в их судьбах. Для среднего школьного возраста.
333 Примечание о целевом назначении __
a Примечание о целевом назначении 6+. Для детей старше шести лет
606 Тематические рубрики __
a Основная рубрика Художественная литература
606 Тематические рубрики __
a Основная рубрика Русская литература XX в. (произведения)
z Хронологическая подрубрика 20 в.
610 Ключевые слова __
a Ключевые слова детская литература
610 Ключевые слова __
a Ключевые слова детские повести
610 Ключевые слова __
a Ключевые слова повести
610 Ключевые слова __
a Ключевые слова тема детей
610 Ключевые слова __
a Ключевые слова тема детства
610 Ключевые слова __
a Ключевые слова тема дружбы
610 Ключевые слова __
a Ключевые слова тема мальчиков
610 Ключевые слова __
a Ключевые слова тема приключений
686 Индексы других классификаций __
2 Код системы rubbks
a Классификационный индекс ст84(2=411.2)6-4
700 Автор _1
a Фамилия Крапивин
b Имя В. П.
f Даты 1938-
g Полное личное имя Владислав Петрович
4 Код отношения 070
702 Вторичная интеллектуальная ответственность _1
a Фамилия Медведев
b Имя Е. А.
4 Код отношения Художник
f Даты 1934-
g Полное личное имя Евгений Алексеевич
4 Код отношения 040
801 Источник записи _0
a Страна ru
b Организация Муниципальное бюджетное учреждение культуры "Централизованная библиотечная система" г. Сургут (Центральная городская библиотека им. А. С. Пушкина)
c Дата составления 20200219
g Правила каталогизации PSBO
801 Источник записи _1
a Страна ru
b Организация Муниципальное бюджетное учреждение культуры "Централизованная библиотечная система" г. Сургут (Центральная городская библиотека им. А. С. Пушкина)
c Дата составления 20200219
g Правила каталогизации PSBO
852 Данные о местонахождении __
j Шифр хранения ст84(2=411.2)6-4
i Авторский знак К 77
901 Тип документа __
t Тип документа m
a Ответственный КиК/Мамарузиева
903 Характеристики (МАРС) __
a Дата передачи 20200219
969 Тип издания __
a Тип издания издание для детей
990 Данные о заказе (DOS) __
j Количество экземпляров (DOS) 1
t N записи в КСУ для И/У (DOS) 202003